000 00693nam a2200193Ia 4500
003 OSt
005 20250301124509.0
008 210210b1994 xxu||||| |||| 00| 0 eng d
040 _cAL
041 _aKannada
082 _aK894.9 KAIG
100 _aKAIPU LAKSHMINARASIMHASHASTRI.
_dಕೈಪು ಲಕ್ಷ್ಮೀನರಸಿಂಹಶಾಸ್ತ್ರಿ
_9203261
245 _aGadayuddhadalli Samskrata Akaragala Rhuna
_bಗದಾಯುದ್ಧದಲ್ಲಿ ಸಂಸ್ಕ್ರತ ಆಕರಗಳ ರಹುಣ
260 _aPutturu
_bKolara Jilla Kannada Sahitya Parishattu
_c1994
300 _a12,108
690 _aKannada Criticism
_9203262
906 _a048523
942 _2ddc
_cBK
999 _c97481
_d97481